Velkopáteční kantáta
| Main Author: | |
|---|---|
| Format: | Book |
| Language: | Undetermined |
| PhysicalDescription: | 21 s. |
| Published: |
Praha
Editio Supraphon
|
MARC
| LEADER | 00000nam a2200000 a 4500 | ||
|---|---|---|---|
| 001 | vtls001329385 | ||
| 003 | SK-MaSNL | ||
| 005 | 20260301200412.0 | ||
| 008 | 240314suuuu xx 0 und | ||
| 035 | |a SNK000282229 | ||
| 040 | |a SNK |b slo |c SNK |e AACR2 | ||
| 100 | 1 | |a Říhovský, Vojtěch, |d 1871-1950 |4 aut |9 81037 | |
| 245 | 1 | 0 | |a Velkopáteční kantáta |
| 260 | |a Praha |b Editio Supraphon | ||
| 300 | |a 21 s. | ||
| 999 | |c 890318 |d 892248 | ||
| 952 | |t P60, <04>, [BOOK], {604} |a SNK |b SNK |y VYP |7 0 |p 17A0136551 |o snkHIB 10421 |0 0 |1 0 |4 0 |d 1998-04-28 |l 0 |r 2005-01-02 00:00:00 |w 2026-02-24 | ||


